Group of things- Harry Potter - Statistics

General Stats
  • This quiz has been taken 53 times
  • The average score is 12 of 22
Answer Stats
Main Hogwarts classes % Correct
Harry Potter
86%
Potions
81%
Hermione Granger
79%
Ron Weasley
77%
Elder Wand
70%
Avada Kedavra
65%
Transfiguration
65%
Resurrection stone
63%
Chamber of Secrets
58%
Cloak of invisibility
58%
Goblet of Fire
58%
Order of the Phoenix
58%
Prisoner of Azkaban
56%
Half blood prince
53%
Herbology
49%
Defense against the Dark Arts
47%
Imperius
42%
Cruciatus
40%
Astronomy
37%
History of magic
33%
Deathly Hollows
28%
Sorcers Stone
5%
No matching quizzes found
Score Distribution
Percent of People with Each Score
Percentile by Number Answered
Your Score History
You have not taken this quiz